| 000 | 00405 a2200133 4500 | ||
|---|---|---|---|
| 040 |
_aDLC _bDLC |
||
| 082 | _a658.15 | ||
| 100 | _aMubasher Humayun | ||
| 245 |
_aFinancial Management MGT201 _cMubasher Humayun _hCD-ROM |
||
| 260 |
_aLahore: _bVirtual University, _c2005. |
||
| 300 | _e 6 CD-ROMs (3/4in) | ||
| 500 | _aLectures: 8-14, 15-21, 22-28, 29-35, 36-42, 43-45 (6 CD-ROMs) | ||
| 942 |
_cCD _k658.15 MUB _2ddc |
||
| 999 |
_c9470 _d9470 |
||